[Event "BL 1718 SK Norderstedt - FC Bayern Mün"]
[Site "?"]
[Date "2018.04.29"]
[Round "13.8"]
[White "Meyer, Falko"]
[Black "Meister, Peter"]
[Result "0-1"]
[WhiteElo "2212"]
[BlackElo "2359"]
[PlyCount "94"]
[EventDate "2018.??.??"]
[EventType "team-tourn"]

1. d4 g6 2. e4 Bg7 3. Nc3 d6 4. Be3 a6 5. a4 Nc6 6. h3 e5 7. Nf3 Nge7 8. Bc4
O-O 9. O-O exd4 10. Nxd4 Nxd4 11. Bxd4 Bxd4 12. Qxd4 Nc6 13. Qd2 Be6 14. Nd5
Ne5 15. Be2 Nd7 16. b4 a5 17. Rfe1 axb4 18. Qxb4 Nc5 19. Nc3 Qg5 20. Bg4 h5 21.
Bxe6 fxe6 22. Qd4 e5 23. Qd5+ Rf7 24. Re3 Kg7 25. Ne2 Raf8 26. f4 Qh4 27. Rf3
exf4 28. Raf1 Kh7 29. g3 Qxh3 30. Nxf4 Qg4 31. Nxg6 Rxf3 32. Nxf8+ Kg7 33. Rxf3
Qxf3 34. Ne6+ Nxe6 35. Qxe6 Qxg3+ 36. Kf1 Qf4+ 37. Ke1 Qc1+ 38. Ke2 Qxc2+ 39.
Ke1 Qc3+ 40. Kd1 Qf3+ 41. Kc1 Qf7 42. Qh3 Qf4+ 43. Kb2 Kg6 44. Qg2+ Kh6 45. Qg8
Qxe4 46. Qf8+ Kg5 47. Qd8+ Kg4 0-1

[Event "BL 1718 Hamburger SK - MSA Zugzwang"]
[Site "?"]
[Date "2018.04.29"]
[Round "13.1"]
[White "Mons, Leon"]
[Black "Grandelius, Nils"]
[Result "1/2-1/2"]
[WhiteElo "2542"]
[BlackElo "2652"]
[PlyCount "41"]
[EventDate "2018.??.??"]
[EventType "team-tourn"]

1. b3 d5 2. Bb2 Bg4 3. f3 Bh5 4. e3 Nd7 5. c4 e6 6. Nh3 f6 7. Nc3 c6 8. d4 Bd6
9. Bd3 Ne7 10. Qe2 e5 11. cxd5 cxd5 12. dxe5 fxe5 13. O-O h6 14. Rfd1 Bf7 15.
Be4 Nf6 16. Qb5+ Qd7 17. Qxd7+ Kxd7 18. Nb5 Bb8 19. Nc3 Bd6 20. Nb5 Bb8 21. Nc3
1/2-1/2

[Event "BL 1718 Hamburger SK - MSA Zugzwang"]
[Site "?"]
[Date "2018.04.29"]
[Round "13.2"]
[White "Svane, Rasmus"]
[Black "Kindermann, Stefan"]
[Result "1-0"]
[WhiteElo "2587"]
[BlackElo "2497"]
[PlyCount "51"]
[EventDate "2018.??.??"]
[EventType "team-tourn"]

1. Nf3 f5 2. d3 Nc6 3. e4 e5 4. d4 fxe4 5. Nxe5 Qf6 6. f4 d6 7. Nxc6 bxc6 8. d5
Bd7 9. Nc3 Qg6 10. Qd4 Nf6 11. dxc6 Bxc6 12. Be3 d5 13. Bb5 Bxb5 14. Qe5+ Kd7
15. Nxb5 Bb4+ 16. c3 Bd6 17. Nxd6 cxd6 18. Qd4 Qxg2 19. Rg1 Qxb2 20. Rxg7+ Kc8
21. Qxf6 Qxa1+ 22. Kf2 Qxa2+ 23. Kg3 Qa6 24. Qe6+ Kb8 25. Bc5 Rd8 26. Qe7 1-0

[Event "BL 1718 Hamburger SK - MSA Zugzwang"]
[Site "?"]
[Date "2018.04.29"]
[Round "13.3"]
[White "Hertneck, Gerald"]
[Black "Huschenbeth, Niclas"]
[Result "1/2-1/2"]
[WhiteElo "2487"]
[BlackElo "2560"]
[PlyCount "159"]
[EventDate "2018.??.??"]
[EventType "team-tourn"]

1. d4 d5 2. Nf3 Nf6 3. c4 dxc4 4. e3 Bg4 5. Bxc4 e6 6. h3 Bh5 7. Nc3 Nc6 8. Bb5
Bb4 9. a3 Bxc3+ 10. bxc3 O-O 11. Be2 Na5 12. O-O c5 13. a4 cxd4 14. cxd4 Ne4
15. Ba3 Nc3 16. Qe1 Nxe2+ 17. Qxe2 Re8 18. Rfb1 Rc8 19. Rb5 Bxf3 20. Qxf3 b6
21. d5 Nc4 22. dxe6 fxe6 23. Rd1 Qf6 24. Qxf6 gxf6 25. Bb2 Kf7 26. Rd4 Red8 27.
Rf4 Rd1+ 28. Kh2 f5 29. Rb4 Nd2 30. g4 Rc2 31. Kg2 Rb1 32. Ba3 Ra1 33. Rb2 Rxb2
34. Bxb2 Ra2 35. Bh8 Kg6 36. gxf5+ exf5 37. Rd4 Ne4 38. Rd7 Rxf2+ 39. Kg1 a5
40. Rg7+ Kh6 41. Rb7 Ra2 42. Be5 Ng5 43. Bf4 Kh5 44. Bxg5 Kxg5 45. Rxb6 Rxa4
46. Kf2 Re4 47. Rb5 a4 48. Ra5 Kf6 49. Kf3 h5 50. Ra6+ Ke5 51. Ra5+ Ke6 52.
Ra6+ Kd5 53. Ra5+ Ke6 54. Ra6+ Ke5 55. Ra5+ Kd6 56. Rxf5 Re5 57. Rf6+ Kc5 58.
Kf4 Rd5 59. e4 Rd6 60. Rf5+ Kb4 61. e5 Ra6 62. Rf6 Ra8 63. Kg5 a3 64. Rf1 a2
65. Ra1 Kb3 66. Kxh5 Rg8 67. Kh6 Kb2 68. Re1 a1=Q 69. Rxa1 Kxa1 70. Kh7 Rg3 71.
h4 Kb2 72. e6 Kc3 73. e7 Re3 74. Kg6 Rxe7 75. h5 Kd4 76. h6 Re6+ 77. Kg7 Ke5
78. h7 Re7+ 79. Kg6 Rxh7 80. Kxh7 1/2-1/2

[Event "BL 1718 Hamburger SK - MSA Zugzwang"]
[Site "?"]
[Date "2018.04.29"]
[Round "13.4"]
[White "Kollars, Dmitrij"]
[Black "Zysk, Robert"]
[Result "1/2-1/2"]
[WhiteElo "2534"]
[BlackElo "2428"]
[PlyCount "60"]
[EventDate "2018.??.??"]
[EventType "team-tourn"]

1. e4 e6 2. d4 d5 3. Nd2 c5 4. exd5 exd5 5. Ngf3 Nf6 6. Bb5+ Bd7 7. Bxd7+ Nbxd7
8. O-O Be7 9. dxc5 Nxc5 10. Nb3 Nce4 11. Nfd4 Nd6 12. Bf4 O-O 13. Re1 Re8 14.
Qd3 Qb6 15. a4 Nc4 16. a5 Qa6 17. Nf5 Bf8 18. Qd4 Rxe1+ 19. Rxe1 Nxa5 20. Nxa5
Qxa5 21. Bd2 Qb6 22. Qxb6 axb6 23. Bc3 Ne4 24. Bd4 Bc5 25. Bxc5 bxc5 26. Ne7+
Kf8 27. Nxd5 Rd8 28. Rxe4 Rxd5 29. Kf1 f5 30. Re6 Rd2 1/2-1/2

[Event "BL 1718 Hamburger SK - MSA Zugzwang"]
[Site "?"]
[Date "2018.04.29"]
[Round "13.5"]
[White "Hoffmeyer, Falk"]
[Black "Lampert, Jonas"]
[Result "0-1"]
[WhiteElo "2334"]
[BlackElo "2532"]
[PlyCount "120"]
[EventDate "2018.??.??"]
[EventType "team-tourn"]

1. d4 d5 2. Bf4 Nf6 3. e3 c5 4. Nf3 Nc6 5. Nbd2 e6 6. c3 cxd4 7. exd4 Nh5 8.
Be3 Bd6 9. Ne5 g6 10. Be2 Ng7 11. f4 f6 12. Nd3 O-O 13. O-O Qc7 14. g3 Bd7 15.
Bf3 Kh8 16. Bg2 Rae8 17. Bf2 Nf5 18. Nb3 b6 19. a4 Be7 20. Re1 Nd6 21. Nd2 Na5
22. Qc2 Nac4 23. Nxc4 dxc4 24. Nc1 f5 25. d5 exd5 26. Bxd5 Bf6 27. Ne2 Bc6 28.
Bxc6 Qxc6 29. Bd4 Ne4 30. Bxf6+ Rxf6 31. Nd4 Qc5 32. Kg2 Rd8 33. Rad1 Qc8 34.
Nb5 Rff8 35. Rxd8 Rxd8 36. Rd1 a6 37. Rxd8+ Qxd8 38. Nd4 Qd5 39. Kg1 Kg7 40.
Qe2 Kf7 41. Nc2 Nc5 42. Ne3 Qd3 43. Kf2 Qxe2+ 44. Kxe2 Nxa4 45. Nxc4 Ke6 46.
Kd2 b5 47. b3 Nc5 48. Na5 Kd5 49. Ke3 Ne4 50. Kd3 Nf2+ 51. Ke2 Ng4 52. h3 Nf6
53. Kf3 Ne4 54. c4+ Kc5 55. g4 Nd6 56. h4 b4 57. gxf5 gxf5 58. Ke3 Kb6 59. c5+
Kxc5 60. Kd3 Kb5 0-1

[Event "BL 1718 Hamburger SK - MSA Zugzwang"]
[Site "?"]
[Date "2018.04.29"]
[Round "13.6"]
[White "Ftacnik, Lubomir"]
[Black "Schramm, Christian"]
[Result "1/2-1/2"]
[WhiteElo "2520"]
[BlackElo "2374"]
[PlyCount "99"]
[EventDate "2018.??.??"]
[EventType "team-tourn"]

1. Nf3 Nf6 2. c4 e6 3. g3 d5 4. d4 dxc4 5. Bg2 Bd7 6. Ne5 Bc6 7. Nxc6 Nxc6 8.
O-O Qd7 9. Nc3 O-O-O 10. e3 e5 11. Qa4 Kb8 12. Qxc4 Bd6 13. Rd1 Rhe8 14. Bd2 e4
15. Rac1 h5 16. b4 Qf5 17. Na4 h4 18. Nc5 Ng4 19. Be1 hxg3 20. hxg3 Bxc5 21.
bxc5 Ne7 22. c6 Nxc6 23. d5 Nce5 24. Qxe4 Qxe4 25. Bxe4 g6 26. Bg2 f5 27. e4
Nf7 28. exf5 gxf5 29. Rc2 Rd7 30. Bb4 Nd6 31. Rd4 b6 32. Rf4 Re5 33. Bf3 a5 34.
Bc3 Ree7 35. Bxg4 fxg4 36. Rxg4 Ne4 37. Bb2 Rxd5 38. Re2 Nf6 39. Rxe7 Nxg4 40.
Re2 b5 41. f3 Nh6 42. g4 b4 43. Bg7 Nxg4 44. fxg4 Rg5 45. Be5 Rxg4+ 46. Kf2 Rc4
47. Ke3 Kb7 48. Kd3 Rc1 49. Bb2 Rc5 50. Re5 1/2-1/2

[Event "BL 1718 Hamburger SK - MSA Zugzwang"]
[Site "?"]
[Date "2018.04.29"]
[Round "13.7"]
[White "Gerigk, Erasmus"]
[Black "Carlstedt, Jonathan"]
[Result "1/2-1/2"]
[WhiteElo "2345"]
[BlackElo "2432"]
[PlyCount "117"]
[EventDate "2018.??.??"]
[EventType "team-tourn"]

1. e4 e5 2. Nf3 Nc6 3. Bc4 Bc5 4. d3 Nf6 5. c3 a6 6. Bb3 d6 7. O-O Ba7 8. Re1
h6 9. Nbd2 g5 10. Nf1 g4 11. N3d2 h5 12. Nc4 h4 13. Be3 Nh5 14. Bxa7 Rxa7 15.
Nce3 Qg5 16. Nd5 g3 17. fxg3 hxg3 18. hxg3 b5 19. Qf3 Na5 20. Bd1 c6 21. Qe3
Qxe3+ 22. Ndxe3 Nb7 23. d4 Nd8 24. a4 Re7 25. axb5 axb5 26. Bxh5 Rxh5 27. d5 c5
28. Ra8 Rc7 29. Rb8 Bd7 30. Kf2 Ra7 31. g4 Rh4 32. g3 Rh6 33. Nf5 Bxf5 34. gxf5
Ra5 35. b4 cxb4 36. cxb4 Ra7 37. Rxb5 f6 38. Rc1 Nf7 39. Ra5 Rb7 40. Rc8+ Kd7
41. Rg8 Kc7 42. Rg6 Rh7 43. Ra4 Ng5 44. Nd2 Rh2+ 45. Ke3 Rg2 46. Rg7+ Kb8 47.
Rg8+ Kc7 48. Rg7+ Kb8 49. Rxb7+ Kxb7 50. b5 Kb6 51. Rb4 Rxg3+ 52. Ke2 Rh3 53.
Rb1 Rh2+ 54. Kd3 Rh3+ 55. Kc2 Nf3 56. Nxf3 Rxf3 57. Kd2 Ra3 58. Ke2 Rc3 59. Kd2
1/2-1/2

[Event "BL 1718 Hamburger SK - MSA Zugzwang"]
[Site "?"]
[Date "2018.04.29"]
[Round "13.8"]
[White "Engel, Luis"]
[Black "Lammers, Markus"]
[Result "1-0"]
[WhiteElo "2406"]
[BlackElo "2317"]
[PlyCount "129"]
[EventDate "2018.??.??"]
[EventType "team-tourn"]

1. e4 e5 2. Nf3 Nf6 3. d4 Nxe4 4. Bd3 d5 5. Nxe5 Bd6 6. O-O O-O 7. c4 c6 8. Nc3
Bf5 9. Qf3 Bxe5 10. dxe5 Bg6 11. Nxe4 dxe4 12. Bxe4 Qd4 13. Bxg6 hxg6 14. Qf4
Rd8 15. Qxd4 Rxd4 16. b3 Nd7 17. Bb2 Rd2 18. Bc3 Rd3 19. Rac1 Rd8 20. Rfe1 Nc5
21. Kf1 R3d7 22. Rc2 g5 23. g3 Kh7 24. Ree2 Kg6 25. Rcd2 Kf5 26. Rxd7 Rxd7 27.
Kg2 Rd3 28. Bd2 a6 29. f3 Ne6 30. g4+ Kg6 31. Rf2 a5 32. Bxa5 Nf4+ 33. Kg3 Re3
34. Rd2 Nd3 35. Bb6 c5 36. Kg2 Nf4+ 37. Kf2 Rxe5 38. Bc7 Re8 39. h4 Ne6 40. h5+
Kf6 41. Ba5 Ke7 42. Bb6 Ra8 43. a4 Ra6 44. a5 Ra8 45. Ke3 Rc8 46. Rd5 Ke8 47.
Ke4 Ke7 48. Kf5 Ke8 49. Ke4 Ke7 50. Kf5 Rc6 51. Ke4 Rc8 52. Ke3 Rc6 53. Kd2 Rc8
54. Kc3 Rc6 55. b4 cxb4+ 56. Kxb4 f6 57. Kb5 Rc8 58. Bc5+ Ke8 59. Bd6 Rc6 60.
Rd1 Nd8 61. c5 Ne6 62. Kc4 Ra6 63. Rb1 Ra7 64. Kd5 Nd8 65. Re1+ 1-0

[Event "BL 1718 SF Deizisau - DJK Aachen"]
[Site "?"]
[Date "2018.04.29"]
[Round "13.1"]
[White "van Foreest, Jorden"]
[Black "Leko, Peter"]
[Result "1/2-1/2"]
[WhiteElo "2631"]
[BlackElo "2691"]
[PlyCount "65"]
[EventDate "2018.??.??"]
[EventType "team-tourn"]

1. e4 e5 2. Nf3 Nc6 3. Bb5 Nf6 4. d3 Bc5 5. O-O Nd4 6. Nxd4 Bxd4 7. c3 Bb6 8.
Na3 c6 9. Ba4 d6 10. Bc2 O-O 11. Nc4 Bc7 12. Bg5 d5 13. Ne3 dxe4 14. dxe4 h6
15. Bh4 Qxd1 16. Rfxd1 Be6 17. Bxf6 gxf6 18. Bb3 Rad8 19. Kf1 Bc8 20. Ke2 Rxd1
21. Rxd1 Rd8 22. Rxd8+ Bxd8 23. Kd3 Bb6 24. f3 Kf8 25. Nf5 Bxf5 26. exf5 Ke7
27. Bc4 Bg1 28. h3 Bf2 29. Bb3 Bg1 30. Bc4 Bf2 31. Bb3 Bg1 32. Bc4 e4+ 33. Kxe4
1/2-1/2

[Event "BL 1718 SF Deizisau - DJK Aachen"]
[Site "?"]
[Date "2018.04.29"]
[Round "13.2"]
[White "Bluebaum, Matthias"]
[Black "Lupulescu, Constantin"]
[Result "1/2-1/2"]
[WhiteElo "2616"]
[BlackElo "2621"]
[PlyCount "61"]
[EventDate "2018.??.??"]
[EventType "team-tourn"]

1. c4 c5 2. Nf3 Nc6 3. Nc3 g6 4. e3 Nf6 5. d4 cxd4 6. exd4 d5 7. cxd5 Nxd5 8.
Qb3 Nxc3 9. Bc4 e6 10. bxc3 Bg7 11. Ba3 Na5 12. Bb5+ Bd7 13. Qa4 Nc6 14. Qb3
Na5 15. Qb4 b6 16. Ne5 Bxe5 17. dxe5 Bxb5 18. Qxb5+ Qd7 19. Qxd7+ Kxd7 20.
O-O-O+ Kc7 21. Be7 Rhe8 22. Bf6 Rac8 23. Kc2 Nb7 24. Rd4 Nc5 25. Rhd1 h5 26. f3
Kb7 27. g4 Rc7 28. Bd8 Rc8 29. Bf6 Rc7 30. Bd8 Rc8 31. Bf6 1/2-1/2

[Event "BL 1718 SF Deizisau - DJK Aachen"]
[Site "?"]
[Date "2018.04.29"]
[Round "13.3"]
[White "Parligras, Mircea Emilian"]
[Black "Meier, Georg"]
[Result "1/2-1/2"]
[WhiteElo "2642"]
[BlackElo "2636"]
[PlyCount "62"]
[EventDate "2018.??.??"]
[EventType "team-tourn"]

1. d4 e6 2. Nf3 Nf6 3. c4 Bb4+ 4. Bd2 Bxd2+ 5. Qxd2 O-O 6. Nc3 d5 7. e3 Qe7 8.
Rc1 dxc4 9. Bxc4 c5 10. O-O Rd8 11. Qc2 cxd4 12. Nxd4 Bd7 13. Qb3 Be8 14. Bb5
Nbd7 15. Rfd1 Kf8 16. Be2 Ne5 17. Ncb5 Nc6 18. Bf3 Rab8 19. Qc2 Nxd4 20. Nxd4
g6 21. Qb3 e5 22. Nb5 Bxb5 23. Qxb5 b6 24. h3 Rbc8 25. Rxd8+ Rxd8 26. Rc2 Kg7
27. a4 h5 28. Qc4 Rd7 29. g3 e4 30. Be2 Qe5 31. Kg2 Qa5 1/2-1/2

[Event "BL 1718 SF Deizisau - DJK Aachen"]
[Site "?"]
[Date "2018.04.29"]
[Round "13.5"]
[White "Handke, Florian"]
[Black "Heimann, Andreas"]
[Result "1-0"]
[WhiteElo "2534"]
[BlackElo "2579"]
[PlyCount "77"]
[EventDate "2018.??.??"]
[EventType "team-tourn"]

1. e4 e5 2. Nf3 Nc6 3. Bb5 Nf6 4. O-O Nxe4 5. Re1 Nd6 6. Nxe5 Be7 7. Bf1 Nxe5
8. Rxe5 O-O 9. Nc3 Ne8 10. Nd5 Bd6 11. Re1 c6 12. Ne3 Be7 13. c4 Nc7 14. d4 d5
15. cxd5 Bb4 16. Bd2 Bxd2 17. Qxd2 Nxd5 18. Nxd5 Qxd5 19. Re5 Qd6 20. Bc4 Bd7
21. Rae1 b5 22. Bb3 a5 23. a3 a4 24. Ba2 Rae8 25. Qc3 g6 26. h4 h5 27. Qg3 Rd8
28. R1e4 Kg7 29. Rf4 Bg4 30. f3 Be6 31. Bb1 Rh8 32. Qg5 Bd5 33. Ref5 Rh6 34.
Rf6 Qc7 35. Be4 Rd7 36. Bxd5 cxd5 37. Ra6 Rh8 38. Rxf7+ Rxf7 39. Qxg6+ 1-0

[Event "BL 1718 SF Deizisau - DJK Aachen"]
[Site "?"]
[Date "2018.04.29"]
[Round "13.6"]
[White "Graf, Alexander"]
[Black "van Foreest, Lucas"]
[Result "0-1"]
[WhiteElo "2570"]
[BlackElo "2478"]
[PlyCount "80"]
[EventDate "2018.??.??"]
[EventType "team-tourn"]

1. d4 Nf6 2. c4 e6 3. Nc3 Bb4 4. e3 O-O 5. Nf3 c5 6. Bd2 b6 7. Be2 Bb7 8. O-O
cxd4 9. exd4 Be7 10. Na4 Ne4 11. Be3 d5 12. c5 Bc6 13. Rc1 Qe8 14. Nc3 bxc5 15.
dxc5 Nxc5 16. Nd4 Bb7 17. Ndb5 Nba6 18. a3 Qb8 19. b4 Nd7 20. f4 Bd8 21. Kh1
Bb6 22. Qd2 Nc7 23. f5 Nxb5 24. Bxb5 Nf6 25. Bg5 Ng4 26. Bf4 Be3 27. Qxe3 Nxe3
28. Bxb8 Rfxb8 29. fxe6 fxe6 30. Bd7 Nxf1 31. Bxe6+ Kh8 32. Rxf1 d4 33. Na4 Rf8
34. Rd1 Rf2 35. Bh3 Raf8 36. Kg1 d3 37. g3 d2 38. Nc3 g5 39. b5 g4 40. Bf1 R2f3
0-1

[Event "BL 1718 SF Deizisau - DJK Aachen"]
[Site "?"]
[Date "2018.04.29"]
[Round "13.7"]
[White "Zaragatski, Ilja"]
[Black "Keymer, Vincent"]
[Result "0-1"]
[WhiteElo "2490"]
[BlackElo "2403"]
[PlyCount "92"]
[EventDate "2018.??.??"]
[EventType "team-tourn"]

1. Nf3 d5 2. c4 d4 3. b4 Bg4 4. Qb3 Bxf3 5. Qxf3 c6 6. g3 e5 7. Qb3 Nf6 8. Bg2
Nbd7 9. O-O Be7 10. d3 O-O 11. Nd2 a5 12. b5 Nc5 13. Qc2 cxb5 14. cxb5 Nd5 15.
Nc4 Nc3 16. Nxe5 Nxb5 17. a4 Nc3 18. Bb2 Rc8 19. e3 Bf6 20. Ng4 Be7 21. Ne5 Bf6
22. Ng4 Bg5 23. Bxc3 Ne6 24. f4 Rxc3 25. Qe2 Bf6 26. e4 Nc5 27. e5 Be7 28. f5
f6 29. Rab1 b6 30. Nf2 fxe5 31. Qxe5 Bf6 32. Qe2 Kh8 33. Ne4 Nxa4 34. Qa2 Nc5
35. Nxc5 bxc5 36. Be4 c4 37. dxc4 d3 38. Bd5 Rc2 39. Qa3 Bc3 40. Qc5 Re8 41.
Kh1 h6 42. Rb6 d2 43. Rd6 Rc1 44. Rxd8 Rxf1+ 45. Kg2 Rxd8 46. Qe7 Bf6 0-1

[Event "BL 1718 SF Deizisau - DJK Aachen"]
[Site "?"]
[Date "2018.04.29"]
[Round "13.8"]
[White "Schlosser, Philipp"]
[Black "Braun, Christian"]
[Result "1/2-1/2"]
[WhiteElo "2511"]
[BlackElo "2391"]
[PlyCount "41"]
[EventDate "2018.??.??"]
[EventType "team-tourn"]

1. Nf3 Nf6 2. c4 g6 3. Nc3 Bg7 4. e4 d6 5. d4 O-O 6. h3 e5 7. d5 Nh5 8. g3 a5
9. Be2 Na6 10. Be3 f5 11. exf5 gxf5 12. Nd2 f4 13. Bxh5 fxe3 14. fxe3 Qg5 15.
Nde4 Qxe3+ 16. Qe2 Bh6 17. Qxe3 Bxe3 18. Ke2 Bd4 19. Bg4 Bxc3 20. bxc3 b6 21.
Raf1 1/2-1/2

[Event "BL 1718 SK Schwäbisch Hall - SG Soling"]
[Site "?"]
[Date "2018.04.29"]
[Round "13.1"]
[White "Harikrishna, Pentala"]
[Black "Inarkiev, Ernesto"]
[Result "1/2-1/2"]
[WhiteElo "2727"]
[BlackElo "2680"]
[PlyCount "93"]
[EventDate "2018.??.??"]
[EventType "team-tourn"]

1. e4 e5 2. Nf3 Nc6 3. Bc4 Bc5 4. c3 Nf6 5. d3 O-O 6. Bg5 h6 7. Bh4 Be7 8. Nbd2
d6 9. a4 Nh5 10. Bg3 g6 11. h3 Nxg3 12. fxg3 Kg7 13. O-O f5 14. Qe2 Bf6 15. Rf2
Qe7 16. Raf1 Be6 17. Nh2 Bg5 18. h4 Bxd2 19. Qxd2 Bxc4 20. dxc4 Qe6 21. h5 Ne7
22. Qd3 c6 23. exf5 Rxf5 24. Rxf5 gxf5 25. g4 Rf8 26. gxf5 Rxf5 27. Rxf5 Nxf5
28. Qe4 d5 29. cxd5 cxd5 30. Qb4 b6 31. Qg4+ Kf7 32. Nf1 Ke7 33. Kf2 Qf6 34.
Kg1 Qe6 35. Kf2 Qf6 36. Kg1 a5 37. Qg8 Qe6 38. Qg4 Kd6 39. Kf2 Qf6 40. Ke2 Qe6
41. Kf2 Qf7 42. Qf3 Ke6 43. Kg1 Qf6 44. Qf2 Ke7 45. Qf3 Ke6 46. Qf2 Ke7 47. Qf3
1/2-1/2

[Event "BL 1718 SK Schwäbisch Hall - SG Soling"]
[Site "?"]
[Date "2018.04.29"]
[Round "13.2"]
[White "Laznicka, Viktor"]
[Black "Rapport, Richard"]
[Result "0-1"]
[WhiteElo "2657"]
[BlackElo "2713"]
[PlyCount "80"]
[EventDate "2018.??.??"]
[EventType "team-tourn"]

1. Nf3 Nf6 2. c4 g6 3. b3 Bg7 4. Bb2 O-O 5. e3 c5 6. Be2 b6 7. O-O Bb7 8. d4
Na6 9. Nc3 d5 10. Rc1 Rc8 11. Nb5 dxc4 12. Bxc4 cxd4 13. Nfxd4 Rc5 14. Qe2 Qb8
15. Nc3 Rh5 16. f4 Nc5 17. b4 e5 18. Nf3 Ncd7 19. Qd2 exf4 20. exf4 b5 21. Bb3
a5 22. a3 Ng4 23. Ne2 Ndf6 24. h3 Ne4 25. Qd7 Bxb2 26. hxg4 Qa7+ 27. Ned4 Nf6
28. Qd6 Bxf3 29. gxh5 Ne4 30. Qd5 Qxd4+ 31. Qxd4 Bxd4+ 32. Kh2 Bxh5 33. Rfe1
Nf2 34. Rc7 axb4 35. axb4 g5 36. Rd7 Bc3 37. Rf1 Ng4+ 38. Kg3 Nf6 39. Rb7 Be2
40. Rc1 Bd2 0-1

[Event "BL 1718 SK Schwäbisch Hall - SG Soling"]
[Site "?"]
[Date "2018.04.29"]
[Round "13.3"]
[White "Ragger, Markus"]
[Black "Cornette, Matthieu"]
[Result "1-0"]
[WhiteElo "2673"]
[BlackElo "2618"]
[PlyCount "124"]
[EventDate "2018.??.??"]
[EventType "team-tourn"]

1. e4 e6 2. d4 d5 3. Nd2 c5 4. Ne2 cxd4 5. Nxd4 Nf6 6. exd5 Qxd5 7. Nb5 Qd8 8.
Nc4 Nd5 9. Ne3 a6 10. Nxd5 exd5 11. Nd4 Nc6 12. Be2 Bd6 13. Be3 O-O 14. O-O Re8
15. c3 Qc7 16. h3 Bh2+ 17. Kh1 Bf4 18. Bxf4 Qxf4 19. Bf3 Nxd4 20. Qxd4 Qxd4 21.
cxd4 Bf5 22. Bxd5 Be4 23. Bb3 Rad8 24. Rfd1 Bd5 25. Bxd5 Rxd5 26. Rd2 h5 27.
Kg1 Red8 28. Rad1 Kh7 29. h4 Kg6 30. Kf1 R8d7 31. Rd3 f6 32. Ke2 Kf5 33. Rf3+
Ke4 34. Re3+ Kf5 35. Red3 Re7+ 36. Re3 Red7 37. Rf3+ Ke4 38. Rdd3 Rxd4 39.
Rde3+ Kd5 40. Rf5+ Kc4 41. Rc3+ Kb4 42. Rb3+ Kc4 43. Rc3+ Kb4 44. Rb3+ Kc4 45.
Rxh5 Rd2+ 46. Ke3 Rc2 47. Rh8 Rc7 48. Rd8 b5 49. Rd4+ Kc5 50. Rd2 Re7+ 51. Kd3
Rc4 52. Rc3 Rxc3+ 53. Kxc3 Re4 54. g3 Rc4+ 55. Kd3 Kd5 56. Re2 g5 57. h5 Rc1
58. Re8 Rh1 59. g4 f5 60. gxf5 Rxh5 61. f6 Rh7 62. Ra8 g4 1-0

[Event "BL 1718 SK Schwäbisch Hall - SG Soling"]
[Site "?"]
[Date "2018.04.29"]
[Round "13.4"]
[White "Michalik, Peter"]
[Black "Van Wely, Loek"]
[Result "0-1"]
[WhiteElo "2563"]
[BlackElo "2670"]
[PlyCount "42"]
[EventDate "2018.??.??"]
[EventType "team-tourn"]

1. d4 Nf6 2. c4 g6 3. Nf3 Bg7 4. e3 O-O 5. Be2 d6 6. O-O Nbd7 7. Nc3 e5 8. Qc2
Re8 9. Rd1 e4 10. Nd2 Qe7 11. f4 Nf8 12. a4 h5 13. h3 Bf5 14. a5 b6 15. a6 N8h7
16. Nb3 Ng4 17. d5 Qh4 18. Bxg4 Bxg4 19. Ne2 Ng5 20. Rf1 Nf3+ 21. Rxf3 exf3 0-1

[Event "BL 1718 SK Schwäbisch Hall - SG Soling"]
[Site "?"]
[Date "2018.04.29"]
[Round "13.5"]
[White "Van Kampen, Robin"]
[Black "Womacka, Mathias"]
[Result "1-0"]
[WhiteElo "2651"]
[BlackElo "2439"]
[PlyCount "133"]
[EventDate "2018.??.??"]
[EventType "team-tourn"]

1. e4 c5 2. Nc3 Nc6 3. Nge2 Nd4 4. Nxd4 cxd4 5. Ne2 e5 6. Ng3 d5 7. Bb5+ Bd7 8.
Qe2 Bxb5 9. Qxb5+ Qd7 10. Qxd7+ Kxd7 11. exd5 Rc8 12. c3 Nf6 13. Kd1 Nxd5 14.
Re1 dxc3 15. dxc3 f6 16. Ne4 Be7 17. Bd2 Ke6 18. a3 f5 19. Ng3 h5 20. Ne2 Kf7
21. Kc2 g5 22. Rad1 g4 23. Bc1 Nb6 24. b3 h4 25. c4 Rhd8 26. Nc3 Rxd1 27. Rxd1
Ke6 28. a4 Rd8 29. Re1 Bc5 30. Re2 a5 31. Nb5 Nd7 32. Bg5 Rh8 33. Rd2 Nf6 34.
Nc7+ Kf7 35. Bxf6 Kxf6 36. Kd1 e4 37. Ke2 b6 38. Nd5+ Ke5 39. Ne3 Rf8 40. Rd7
g3 41. hxg3 hxg3 42. fxg3 Rh8 43. Rd5+ Ke6 44. Nxf5 Rh1 45. Nd4+ Kf6 46. g4 Rg1
47. Ke3 Rxg2 48. g5+ Kg6 49. Kxe4 Rg4+ 50. Ke3 Rh4 51. Kd3 Rh3+ 52. Ke4 Rh4+
53. Ke5 Rh3 54. Rd8 Bxd4+ 55. Rxd4 Rxb3 56. Kf4 Rb4 57. Rd6+ Kf7 58. Rc6 Rxa4
59. Kf5 Ra1 60. g6+ Kg7 61. Rxb6 a4 62. Rb7+ Kg8 63. Ra7 a3 64. Kf6 Rf1+ 65.
Ke5 Rf3 66. c5 Rg3 67. c6 1-0

[Event "BL 1718 SK Schwäbisch Hall - SG Soling"]
[Site "?"]
[Date "2018.04.29"]
[Round "13.6"]
[White "Raykhman, Alexander"]
[Black "Bok, Benjamin"]
[Result "0-1"]
[WhiteElo "2400"]
[BlackElo "2640"]
[PlyCount "94"]
[EventDate "2018.??.??"]
[EventType "team-tourn"]

1. d4 Nf6 2. c4 e6 3. Nf3 d5 4. Nc3 c6 5. Bg5 h6 6. Bxf6 Qxf6 7. g3 Nd7 8. Bg2
dxc4 9. O-O Be7 10. Ne4 Qf5 11. Ned2 e5 12. Nxc4 exd4 13. Qxd4 Qf6 14. Rfd1 O-O
15. Nd6 Bxd6 16. Qxf6 Nxf6 17. Rxd6 Be6 18. a3 Rfd8 19. Rad1 Rxd6 20. Rxd6 Kf8
21. Nd2 Ke7 22. Rd3 g5 23. Kf1 Rc8 24. Ke1 b5 25. Ne4 Nxe4 26. Bxe4 c5 27. f4
c4 28. Re3 Kd6 29. h4 gxf4 30. gxf4 Rc5 31. Kf2 a5 32. Rc3 f5 33. Bf3 b4 34.
axb4 axb4 35. Rc2 Ra5 36. Rd2+ Kc5 37. e4 c3 38. bxc3 bxc3 39. Rd1 Ra2+ 40. Ke3
c2 41. Rc1 Ra3+ 42. Ke2 Rc3 43. Bh5 fxe4 44. Bg6 Kd4 45. f5 Bc4+ 46. Kd2 e3+
47. Ke1 Bd3 0-1

[Event "BL 1718 SK Schwäbisch Hall - SG Soling"]
[Site "?"]
[Date "2018.04.29"]
[Round "13.7"]
[White "Smeets, Jan"]
[Black "Zeller, Frank"]
[Result "1-0"]
[WhiteElo "2601"]
[BlackElo "2368"]
[PlyCount "97"]
[EventDate "2018.??.??"]
[EventType "team-tourn"]

1. e4 e5 2. Nf3 Nc6 3. Bb5 a6 4. Ba4 Nf6 5. O-O Be7 6. Re1 b5 7. Bb3 d6 8. c3
O-O 9. h3 Na5 10. Bc2 c5 11. d4 Nd7 12. Nbd2 exd4 13. cxd4 Nc6 14. d5 Nce5 15.
Nh2 Ng6 16. Ndf3 Re8 17. Rb1 a5 18. Ng4 Nf6 19. Ne3 Bf8 20. Nf1 Nd7 21. Ng3
Nde5 22. Nh2 a4 23. f4 Nc4 24. Rf1 Be7 25. Nh5 Bf6 26. Nxf6+ Qxf6 27. f5 Nge5
28. Kh1 Bd7 29. Qh5 g6 30. fxg6 Qxg6 31. Qh4 Qg7 32. Bg5 Ng6 33. Qf2 Nce5 34.
Rbe1 a3 35. b3 Rf8 36. Bf6 Qh6 37. Qg3 Qd2 38. Bd1 c4 39. Re2 Qh6 40. Bg5 Qg7
41. Bf6 Qh6 42. b4 Rfc8 43. h4 Nd3 44. Re3 Nxb4 45. h5 Nxa2 46. hxg6 hxg6 47.
Bg4 Bxg4 48. Qxg4 Qxe3 49. Qh4 1-0

[Event "BL 1718 SK Schwäbisch Hall - SG Soling"]
[Site "?"]
[Date "2018.04.29"]
[Round "13.8"]
[White "Zpevak, Pavel"]
[Black "Andersen, Mads"]
[Result "0-1"]
[WhiteElo "2343"]
[BlackElo "2601"]
[PlyCount "72"]
[EventDate "2018.??.??"]
[EventType "team-tourn"]

1. d4 Nf6 2. c4 g6 3. Nc3 Bg7 4. e4 d6 5. h3 O-O 6. Bg5 c5 7. d5 e6 8. Nf3 exd5
9. cxd5 Re8 10. Bd3 c4 11. Bc2 b5 12. a3 Na6 13. O-O b4 14. axb4 Nxb4 15. Bb1
a5 16. Re1 Ba6 17. Qa4 Qb8 18. Ra3 Nd3 19. Bxd3 cxd3 20. Bc1 Qb7 21. Qc6 Qxc6
22. dxc6 Rac8 23. Rxa5 Rxc6 24. Bd2 Bb7 25. Ra7 Rb8 26. e5 dxe5 27. Nxe5 Ra6
28. Rxa6 Bxa6 29. Na4 Rc8 30. Nc3 Rb8 31. Na4 Nd5 32. Nc5 Rxb2 33. Bc1 Bxe5 34.
Bxb2 Bxb2 35. Nxa6 d2 36. Rd1 Bc1 0-1